000 00576nam a2200205Ia 4500
005 20250923150027.0
008 008 250917s9999 xx 000 0 eng d
037 _aTextual
040 _aDSWL
_beng
_cDSWL
041 _aeng
_2eng
084 _aY:t, N99
_qDSWL
100 _aDenscombe, M.
_9841446
245 4 _aThe good research guide : Small scale soc. res. project
_c by M. Denscombe
260 _aNew Delhi
_bViva Books
_c1999
300 _a248 p.
365 _aINR
_b195.00
925 _g195.00
942 _cTEXL
_hY:t, N99
999 _c1458688
_d1458688